Most Guessed Answers Containing X - Statistics

General Stats
  • This quiz has been taken 60 times
  • The average score is 10 of 30
Answer Stats
Quiz % Answer % Correct
U.S. States 95 Texas
96%
Countries of the World 94 Mexico
80%
Countries of Europe 83 Luxembourg
58%
World Capitals 92 Mexico City
55%
U.S. Presidents 78 Richard Nixon
55%
Elements of thePeriodic Table 94 Oxygen
53%
Biggest Cities in France 76 Bordeaux
49%
Name That Punctuation 94 Exclamation Point
49%
Biggest Cities in China 71 Xi'an
47%
Santa's Reindeers 78 Vixen
44%
Three Letter Animals 34 Fox
40%
MLB Teams 93 Boston Red Sox
36%
Counties of England 74 Essex
36%
U.S. State Capitals 79 Phoenix
35%
Musical Instrumentsby Picture 92 Saxophone
33%
Top African Languageson a Map 54 Xhosa
33%
U.S. Baby Boy Namesby Decade 58 Alexander
31%
States of Germany 76 Saxony
31%
Letters of the GreekAlphabet 43 Xi
25%
Champions LeagueWinners 70 Ajax
24%
NATO Military Alphabet 79 Foxtrot
24%
NFL Football Teams 78 Houston Texans
18%
Official Cities in the UK 73 Oxford
16%
Official Languagesof the World 44 Luxembourgish
13%
Oscar Best Actors 85 Joaquin Phoenix
11%
U.S. Baby Girl Namesby Decade 18 Alexis
9%
Beatles Songs 45 Maxwell's SilverHammer / Taxman / When I'm Sixty-Four
9%
Original 151 Pokémon 62 Onix
7%
Disney AnimatedMovies 32 The Fox andthe Hound
5%
Most Popular Fast FoodRestaurants 50 Panda Express
2%
No matching quizzes found
Score Distribution
Percent of People with Each Score
Percentile by Number Answered
Your Score History
You have not taken this quiz